| 000 | 01370ngm a22003850a 4500 | ||
|---|---|---|---|
| 001 | PT39943 | ||
| 003 | AR-LpoUNG | ||
| 005 | 20210201235856.0 | ||
| 007 | vd cvaizq | ||
| 008 | 191001suuuu||||ag |||||||||||||||||spa d | ||
| 037 | _c$2.65 | ||
| 040 |
_aAR-LpoUNG _bspa _cAR-LpoUNG _eaacr |
||
| 041 | _aspa | ||
| 044 | _aag | ||
| 082 | 0 | _a972.910 64 687san | |
| 100 | 1 |
_aSolís, Rafael _edir. |
|
| 245 | 1 | 0 | _aSan Ernesto nace en la higuera |
| 260 |
_aBuenos Aires : _bMiradas al sur, _cs. f.. |
||
| 300 | _aDVD (47 min.) : son., col. | ||
| 505 | 0 | _aGuión: Isabel Santos y Rafael Solís. Producción General: Isabel Prendes. - Edición: Fermín Domínguez. - Música Original: Lucía Huergo. - Asistente de Dirección: Rubén Pacheco. - Producción en Bolivia: Rubén Pacheco, Producción en Cuba: Francisco Álvarez. | |
| 520 | _a<p>Entre los pobladores de la zona de Vallegrande, en Bolivia, ha crecido un mito sobre la figura del Che, alimentada en los últimos 40 años por las mismas personas que lo conocieron</p> | ||
| 650 | 4 | _aARGENTINA | |
| 650 | 4 | _aBOLIVIA | |
| 650 | 4 | _aCREENCIA | |
| 650 | 4 | _aCUBA | |
| 650 | 4 | _aSUPERSTICION | |
| 651 | 4 | _aAmérica Latina | |
| 653 | _aCINE CUBANO | ||
| 653 | _aDOCUMENTALES | ||
| 653 | _aDVD | ||
| 653 | _aVIDEOS | ||
| 700 | 1 |
_aSantos, Isabel _edir. |
|
| 905 | _a39943 | ||
| 942 | _cDVD | ||
| 999 |
_c53670 _d53670 |
||